Score 0/14 Timer 02:00
0 Plays Today
Variations Munchy % Correct
Sweet Chili Heat, Cool Ranch, Nacho CheeseDoritos
96.3%
Double Stuff, Mint, Peanut ButterOreo
90.8%
Baked Apple Pie, McFlurry, Big MacMcDonald's
89.3%
Extra Butter, Movie Theater Butter, Light ButterOrville Redenbacher's Popcorn
75.6%
Scoops!, Bite Size Rounds, MultiGrainTostitos
67.5%
Big Cup, Inside Out, Dark ChocolateReese's Peanut Butter Cups
63.1%
Honey Nut, Apple Cinnamon, MultigrainCheerios
37.6%
Variations Munchy % Correct
Bits Sandwiches, Honey Butter, Roasted VegetableRitz
36.2%
Smooth, Crunchy, Light SmoothKraft Peanut Butter
35.8%
Canadian, Hawaiian, DeluxePizza
35.1%
Tropical, Sour, Ice CreamSkittles
33.9%
Oriental, Chicken, BeefRamen Noodles
17.7%
The Original Sundae Cone, Simply Dipped, Triple ChocolateNestle Drumstick
15.5%
White Cheddar, Extreme Pizza, Alfredo SublimeKraft Dinner
0.7%
Remove Ads.
Support Sporcle.
Get the best of Sporcle when you Go Orange. This ad-free experience offers more features, more stats, and more fun while also helping to support Sporcle. Thank you for becoming a member.

You're not logged in!

Compare scores with friends on all Sporcle quizzes.
OR
Log In

You Might Also Like...

Show Comments

Extras

Created Oct 9, 2009SourceReportNominate
Tags:Variation

Top Quizzes Today


Score Distribution

Your Account Isn't Verified!

In order to create a playlist on Sporcle, you need to verify the email address you used during registration. Go to your Sporcle Settings to finish the process.

Report this User

Report this user for behavior that violates our Community Guidelines.

Details: